Central Library OPAC University of Rajshahi

Government and Parliament : (Record no. 4575)

MARC details
000 -LEADER
fixed length control field 00954cam a2200265 4500
001 - CONTROL NUMBER
control field 4575
003 - CONTROL NUMBER IDENTIFIER
rucl marc code BD-RjUL
005 - DATE AND TIME OF LATEST TRANSACTION
control field 20211208233921.0
008 - FIXED-LENGTH DATA ELEMENTS--GENERAL INFORMATION
fixed length control field 131223r19671964enk 001 0 eng
035 ## - SYSTEM CONTROL NUMBER
System control number (BD-RjUL)4610
040 ## - CATALOGING SOURCE
Original cataloging agency DLC
Transcribing agency DLC
Modifying agency DLC
-- MoSU-L
-- BD-RjUL
Language of cataloging eng
041 ## - LANGUAGE CODE
Language code of text/sound track or separate title eng
082 00 - DEWEY DECIMAL CLASSIFICATION NUMBER
Classification number 328.42
Author mark and year MOG 1967
100 1# - MAIN ENTRY--PERSONAL NAME
Personal name Morrison, Herbert,
Dates associated with a name 1888-1965.
9 (RLIN) 14443
245 10 - TITLE STATEMENT
Title Government and Parliament :
Remainder of title a survey from the inside /
Statement of responsibility, etc. Lord Morrison of Lambeth.
250 ## - EDITION STATEMENT
Edition statement 3rd ed.
260 ## - PUBLICATION, DISTRIBUTION, ETC. (IMPRINT)
Place of publication, distribution, etc. London ;
-- New York :
Name of publisher, distributor, etc. Oxford University Press,
Date of publication, distribution, etc. c1964 [Reprinted 1967].
300 ## - PHYSICAL DESCRIPTION
Pagination 384 p. ;
Size 20 cm.
490 0# - SERIES STATEMENT
Series statement Oxford paperbacks ;
Volume/sequential designation 80
504 ## - BIBLIOGRAPHY, ETC. NOTE
Bibliography, etc Includes index.
651 #0 - SUBJECT ADDED ENTRY--GEOGRAPHIC NAME
Geographic name Great Britain
General subdivision Politics and government
Chronological subdivision 20th century.
9 (RLIN) 5828
830 ## - SERIES ADDED ENTRY--UNIFORM TITLE
Uniform title Oxford paperbacks ;
Volume number/sequential designation 80
856 ## - ELECTRONIC LOCATION AND ACCESS
Uniform Resource Identifier <a href="http://www.worldcat.org/title/government-and-parliament-a-survey-from-the-inside/oclc/502807&referer=brief_results">http://www.worldcat.org/title/government-and-parliament-a-survey-from-the-inside/oclc/502807&referer=brief_results</a>
942 ## - ADDED ENTRY ELEMENTS (KOHA)
Source of classification or shelving scheme Dewey Decimal Classification
Koha item type Books
Holdings
Lost status Source of classification or shelving scheme Damaged status Not for loan Collection code Permanent Location Current Location Shelving location Date acquired Source of acquisition Cost, normal purchase price Total Checkouts Full call number Date last seen Copy number Koha item type
  Dewey Decimal Classification     Non-fiction Central Library, University of Rajshahi Central Library, University of Rajshahi   27/06/1970 Zeitlinger 10.60   328.42 MOG 1967 23/12/2013 C-6 Books
  Dewey Decimal Classification     Non-fiction Central Library, University of Rajshahi Central Library, University of Rajshahi   27/04/1974 Oxford University Press, Dacca 15.60   328.42 MOG 1967 13/01/2014 C-2 Books
  Dewey Decimal Classification   Not For Loan Non-fiction Central Library, University of Rajshahi Central Library, University of Rajshahi Reading Room 27/04/1974 Zeetlinger 15.60   328.42 MOG 1967 01/09/2016 C-1 Books
  Dewey Decimal Classification     Non-fiction Central Library, University of Rajshahi Central Library, University of Rajshahi   27/04/1974 Oxford University Press 15.60   328.42 MOG 1967 01/09/2016 C-4 Books